000 00686nam a22002177a 4500
003 OSt
005 20161014102744.0
008 150127b xxu||||| |||| 00| 0 eng d
040 _cCRI
082 _aSv860
100 1 _aFlakoll, Darwin J.‏
_930681
245 1 0 _aCenizas de Izalco
_cClaribel Alegría, Darwin Flakoll; Presentación: Julio Valle-Castillo
250 _a4ª ed
260 _aSan Salvador
_bCONCULTURA
_c1997
300 _a175 p.
_c21 cm
490 _aBiblioteca Básica de Literatura Salvadoreña
_v18
650 2 4 _928401
_aLiteratura salvadoreña
700 1 _aAlegría, Claribel
_930682
700 _aValle-Castillo, Julio
_929534
942 _2ddc
_cBK
_hprozim
999 _c26221
_d26221